000 01088nam a2200301 i 4500
001 12125
003 KOSZ 005
005 20200630132825.0
008 070617s1969 pl a f f 000 0 pol
015 _aPB 1970/42
040 _aWA N
_cKOSZ 005/RW
_dKOSZ 005/RW
041 1 _apol
_hrus
080 _a54
245 0 0 _aĆwiczenia laboratoryjne z chemii ogólnej :
_bmetody półmikro /
_c[aut.] Z. G. Vasil'eva [et al.].
246 1 _iTyt. oryg.:
_aLaboratornyj praktikum po obŝej himii,
_f1965.
250 _aWyd. 2 /
_btł. Janina Jacewicz-Michalska.
260 _aWarszawa :
_bPaństwowe Wydawnictwo Naukowe,
_c1969.
300 _a389, [3]s. :
_bil. ;
_c23 cm.
380 _aKsiążki.
546 _aTekst tł. z ros.
655 4 _aĆwiczenia i zadania
650 4 _aChemia
700 1 _aVasil'eva, Z. G.
_eAutor
700 1 _aJacewicz-Michalska, Janina.
_eTłumacz
710 2 _aPaństwowe Wydawnictwo Naukowe
_4pbl.
856 _uhttp://koha.tu.koszalin.pl/cgi-bin/koha/opac-detail.pl?biblionumber=12125
_yKatalog online BPK
942 _2UKD
_cKS
999 _c12125
_d12125